| 000 | 00636nam a22002297a 4500 | ||
|---|---|---|---|
| 008 | 151117b xxu||||| |||| 00| 0 eng d | ||
| 020 | _a9780136005315 | ||
| 020 | _a0136005314 | ||
| 041 | 0 | _aeng | |
| 080 | _a658.15 | ||
| 245 | 0 |
_aManagement accounting / _cAnthony A. Atkinson; Robert S. Kaplan; Ella Mae Matsumura; |
|
| 250 | _a5th. ed. | ||
| 260 |
_aNew Jersey: _bPearson; _c2007. |
||
| 300 |
_a656 f.: _bme il.; _c24 cm. |
||
| 650 | 0 | _aKontabilitet | |
| 650 | 0 | _aMenaxherial | |
| 700 | 1 | _aAnthony A. Atkinson; | |
| 700 | 1 | _aRobert S. Kaplan; | |
| 700 | 1 | _aElla Mae Matsumura; | |
| 700 | 1 | _aS. Mark Young; | |
| 942 |
_2udc _cBK |
||
| 999 |
_c1363 _d1363 |
||